00469nam a2200193 a 4500001001300000003000900013005001700022008004100039020000900080082001300089100001900102245003100121260003500152300000900187500003500196505001000231650001500241700001900256nice12345678IN_TiNIC20260116013855.0050524s1997 newa grp 000 0 eng  ac7500a651bPRA aPratley, Peter aEssence of Business Ethics aNew DelhibPrentice-Hallc1997 a233p aincludes index and biblioraphy2 aindex aManagement1 aPratley, Peter